| 000 | 01010nam0a22002531 4500 | ||
|---|---|---|---|
| 001 | rc\4972893 | ||
| 005 | 20260407192906.0 | ||
| 021 |
_aRU _b[61-31029] |
||
| 035 | _a(NLR Aleph) 008977449 | ||
| 090 |
_a9164121 _c9164121 |
||
| 100 | _a20130430d1961 |||y0rusy50 ca | ||
| 101 | 0 | _arus | |
| 102 | _aRU | ||
| 105 | _ay z ||||| | ||
| 200 | 1 |
_aРекомендации по поощрительной оплате труда колхозников _fВологод. обл. упр. сел. хозяйства. Вологод. обл. опыт. с.-х. станция |
|
| 210 |
_aВологда _cКн. изд-во _d1961 |
||
| 215 |
_a17 с. _d14 |
||
| 606 |
_aКолхозы _xОплата труда _yВологодская область _2psbo |
||
| 712 | 0 | 2 |
_aВологодское областное управление сельского хозяйства _3RU\NLR\AUTH\8810126485 _9750308 |
| 801 | 0 |
_aRU _bNLR _gpsbo |
|
| 801 | 1 |
_aRU _bELAR _2rusmarc |
|
| 852 |
_aNLR _j61-1/677 |
||
| 942 | _cBOOK | ||
| 980 | _aNB | ||